Municipis de la comarca del Baix Empordà amb mapa (Catalunya) - Statistics

General Stats
  • This quiz has been taken 109 times
  • The average score is 19 of 36
Answers on the Map
Answers color-coded by a green-red scale on the quiz's map according to % correct below.
 
Answer Stats
Answer % Correct
Castell-Platja d'Aro
88%
Cruïlles, Monells i Sant Sadurní de l'Heura
81%
Forallac
78%
Garrigoles
66%
Vilopriu
66%
Albons
63%
Torroella de Montgrí
63%
Bellcaire d'Empordà
59%
Begur
56%
La Bisbal d'Empordà
56%
La Tallada d'Empordà
56%
Colomers
53%
La Pera
53%
Palafrugell
53%
Pals
53%
Santa Cristina d'Aro
53%
Calonge
50%
Corçà
50%
Mont-ras
50%
Palamós
50%
Regencós
50%
Ullà
50%
Ultramort
50%
Fontanilles
47%
Palau-sator
47%
Sant Feliu de Guíxols
47%
Torrent
47%
Foixà
44%
Gualta
44%
Vall-llobrega
44%
Jafre
41%
Serra de Daró
41%
Ullastret
41%
Verges
41%
Parlavà
34%
Rupià
34%
No matching quizzes found
Score Distribution
Percent of People with Each Score
Percentile by Number Answered
Your Score History
You have not taken this quiz